Memoria técnica evento paralelo, conservación y uso de la biodiversidad en la cuenca Amazónica (Registro nro. 3851)

Detalles MARC
000 -CABECERA
Campo de control 00911nam a2200253 a 4500
005 - FECHA Y HORA DE LA ULTIMA TRANSACCION
Campo de control 20200104041544.0
008 - ELEMENTOS DE LONGITUD FIJA—INFORMACION GENERAL
Campo de control 140312b2003 ec ||||| |||| 00| 0 spa d
041 ## - IDIOMA
Código de idioma para texto/pista de sonido o título separado Español
044 ## - PAÍS DE PUBLICACIÓN
País de publicación Ecuador
090 ## - CLASIFICACIÓN LOCAL
Colección LB
Consecutivo 03578
111 ## - ASIENTO PRINCIPAL--NOMBRE DE REUNION
Nombre de reunión o de jurisdicción como elemento de entrada Evento paralelo conservación y uso de la biodiversidad en la cuenca Amazónica
Lugar de la reunión Loja, Ecuador
Fecha de la reunión 2003
245 ## - MENCION DE TITULO
Título Memoria técnica evento paralelo, conservación y uso de la biodiversidad en la cuenca Amazónica
260 ## - PUBLICACION, DISTRIBUCION, ETC. (PIE DE IMPRENTA)
Lugar de publicación, distribución, etc. Quito
Nombre del editor, distribuidor, etc. GTZ Cooperación Alemana
-- Instituto para el Ecodesarrollo Regional Amazónico
Fecha de publicación, distribución, etc. 2003
300 ## - DESCRIPCION FISICA
Extensión 53 p.
650 ## - ASIENTO SECUNDARIO DE MATERIA - TERMINO TEMATICO
Término temático o nombre geográfico como elemento de entrada Política ambiental
650 ## - ASIENTO SECUNDARIO DE MATERIA - TERMINO TEMATICO
Término temático o nombre geográfico como elemento de entrada Usos sostenible
650 ## - ASIENTO SECUNDARIO DE MATERIA - TERMINO TEMATICO
Término temático o nombre geográfico como elemento de entrada Desarrollo sostenible
650 ## - ASIENTO SECUNDARIO DE MATERIA - TERMINO TEMATICO
Término temático o nombre geográfico como elemento de entrada Conservación
650 ## - ASIENTO SECUNDARIO DE MATERIA - TERMINO TEMATICO
Término temático o nombre geográfico como elemento de entrada Biodiversidad
662 ## - ASIENTO SECUNDARIO DE MATERIA - JERARQUIA DEL NOMBRE DE LUGAR(
País o entidad mayor Ecuador
Jurisdicción política intermedia Cuenca del Amazonas
700 ## - ASIENTO SECUNDARIO - NOMBRE PERSONAL
Nombre personal Torres Galarza, Ramón
942 ## - ELEMENTOS ADICIONALES (KOHA)
Tipo de ítem Impreso
Sistema de clasificación Local
945 ## - PROCESAMIENTO LOCAL
AAAA-MM-DD - Fecha de ingreso o modificacion 2004-05-19
Existencias
Withdrawn status Lost status Sistema de Clasificación Damaged status No para préstamo Colección Ubicación Permanente Ubicación actual Fecha de adquisición Total Checkouts Número topográfico Inventario / Código de Barras Date last seen Ejemplar Price effective from Tipo de material
    Local     General Villa de Leyva Villa de Leyva 19/05/2004   LB-03578 015606 04/12/2012 Ej. 1 04/12/2012 Folleto